Dios en la Tierra /

José Revueltas (1914-1976) escritor y político mexicano nacido en Santiago Papasquiaro, Durango, hermano de Silvestre y Fermín. Militante en varias agrupaciones de la izquierda mexicana y participante en el movimiento estudiantil de 1968, fue miembro del Partido Comunista Mexicano (del que fue expul...

Ful tanımlama

Kaydedildi:
Detaylı Bibliyografya
Yazar: Revueltas, José (autor)
Materyal Türü: Kitap
Dil:İspanyolca
Baskı/Yayın Bilgisi: México : Novaro, 1973, c1973
Seri Bilgileri:(Grandes Escritores Novaro ; 58)
Konular:
Etiketler: Etiketle
Etiket eklenmemiş, İlk siz ekleyin!

MARC

LEADER 00000nam^a2200000^a^4500
001 000619204
005 20250823000000.0
009 20260310133814.794
037 |a Acervo ITESO - Biblioteca 
041 |a ESP 
082 |a 863.  |b REV 
100 |a Revueltas, José  |e (autor) 
240 1 1 |a [Dios en la tierra] 
245 1 0 |a Dios en la Tierra /  |c J. Revueltas. 
264 4 |a México :  |b Novaro,  |c 1973, c1973 
300 |a 172 p. 
336 |a texto  |b txt  |2 rdacontenido 
337 |a sin mediación  |b n  |2 rdamedio 
338 |a volumen  |b nc  |2 rdasoporte 
440 1 |a (Grandes Escritores Novaro ;  |v 58) 
520 |a José Revueltas (1914-1976) escritor y político mexicano nacido en Santiago Papasquiaro, Durango, hermano de Silvestre y Fermín. Militante en varias agrupaciones de la izquierda mexicana y participante en el movimiento estudiantil de 1968, fue miembro del Partido Comunista Mexicano (del que fue expulsado) y luego fundador del Partido Popular Socialista. Fue reportero y director de publicaciones de izquierda. Abordó sus desacuerdos con la burocracia política en las novelas Dios en la tierra (1944), Los días terrenales (1949), Los errores (1964), y en su obra de teatro El cuadrante de la soledad (1950); preso en varias ocasiones por sus actividades y/o ideales políticos, dejó testimonio de sus encarcelamientos en las novelas Los muros de agua (1941), en que narra su estancia en las islas Marías, y El apando (1969), sobre su paso por la penitenciaría Lecumberri tras el movimiento estudiantil de 1968. Otras novelas suyas son Los motivos de Caín, En algún valle de lágrimas y El luto humano, entre otras; es autor también ensayos sobre temas políticos y sociales, libros de cuentos y obras de teatro. 
649 |a XX 
650 |a Cuentos Mexicanos 
650 |a Literatura Mexicana -  |y Siglo XX 
650 |a Pobreza en la Literatura 
650 |a Pobreza -  |z México 
650 |a Problemas Sociales en la Literatura 
650 |a Problemas Sociales -  |z México 
650 |a Guerra Cristera en la Literatura 
910 |a Fondo Castillo-Martínez 
920 |a Impresos - Libros 
930 |a Fondos Especiales 
940 |a Literatura 
905 |a 127 
901 |a 619204-10  |b IT2  |c ESP  |i D126261  |u 20250823 
902 |a https://opac.biblio.iteso.mx/vufind/Record/000619204